000 00627nam a2200229Ia 4500
003 OSt
005 20220925220603.0
006 a|||||r|||| 00| 0
007 ta
008 220923b |||||||| |||| 00| 0 eng d
037 _cGeneral Book
040 _aRTL
_cRTL
_beng
041 _2eng
_aeng
082 _aY:6.2.M, D7
100 _aMorrison John
_9285037
245 0 _aNew ideas in India during the nineteenth century
260 _aLondon
_bMacmillan
_c1907
300 _axiii, 281p
_ccm.
650 _aSocial change
942 _hY:6.2.M, D7
_cGB
_2CC
999 _c571827
_d571827